| 000 | 00543nam a2200205Ia 4500 | ||
|---|---|---|---|
| 005 | 20250508165544.0 | ||
| 008 | 008 250505s9999 xx 000 0 hin d | ||
| 020 | _a81-7016-275-0 | ||
| 037 | _aTextual | ||
| 040 |
_aFEDL _beng _cFEDL |
||
| 041 |
_ahin _2eng |
||
| 084 |
_a891.433, GYA _qFEDL |
||
| 100 |
_aGyanprakash Vivek _9781156 |
||
| 245 | 0 | _aTalghar | |
| 260 |
_aNew Delhi, India _bBhartiya Gyanpeeth _c2012 |
||
| 300 | _a172p. | ||
| 365 |
_aINR _b180 |
||
| 942 |
_cTEXL _h891.433, GYA |
||
| 999 |
_c1395838 _d1395838 |
||